000 01101nam a2200289 i 4500
001 bg
245 0 0 _aChemia środowiska :
_bćwiczenia i seminaria : praca zbiorowa.
_nCz. 1 /
_cpod red. Elżbiety Szczepaniec-Cięciak i Pawła Kościelniaka ; [aut. Anna Białas et al.].
260 _aKraków :
_bWydaw. Uniwersytetu Jagiellońskiego,
_ccop.1999.
300 _a607 s. :
_brys., wykr. ;
_c24 cm.
504 _aBibliogr. przy rozdz.
650 9 _aŚrodowisko człowieka
_xhigiena i ochrona
650 9 _aChemikalia a środowisko człowieka
650 9 _aŚrodowisko człowieka
_xchemia
650 9 _aŚrodowisko człowieka
_xhigiena i ochrona
_xbadanie
655 _aPodręczniki akademickie
655 _aĆwiczenia i zadania dla szkół wyższych
700 1 _aSZCZEPANIEC-CIĘCIAK, Elżbieta Ewa
_d(1941- ).
_eRed.
700 1 _aKOŚCIELNIAK, Paweł
_d(1952- ).
_eRed.
700 1 _aBIAŁAS, Anna.
020 _a8323311455
040 _cBPK
041 0 _apl
080 _a543:546.1/.2:504](075.8)
920 _a83-233-1145-5
942 _cKS
008 s pl f |000 0 pol
999 _c36335
_d36335
856 _uhttp://koha.tu.koszalin.pl/cgi-bin/koha/opac-detail.pl?biblionumber=36335
_yKatalog online BPK